Premiers ministres israéliens - Statistiques

Statistiques générales
  • Ce quiz a été pris 1 982 fois
    1 803 depuis la dernière actualisation
  • Le résultat moyen est 6 sur 14
Statistiques - réponses
Dates Parti Nom % Correct
1996-1999 Likoud Benyamin Netanyahou
94%
1974-1977 Travailliste Yitzhak Rabin
71%
1948-1954 Mapaï David Ben Gourion
69%
1969-1974 Travailliste Golda Meir
62%
2001-2006 Likoud/Kadima Ariel Sharon
49%
1984-1986 Travailliste Shimon Peres
43%
1977-1983 Hérout Menahem Begin
36%
1999-2001 Travailliste Ehud Barak
32%
2022 Yesh Atid Yaïr Lapid
32%
2006-2009 Kadima Ehud Olmert
30%
2021-2022 Yamina Naftali Bennett
30%
1983-1984 Hérout Yitzhak Shamir
27%
1963-1969 Mapaï/Travailliste Levi Eshkol
20%
1954-1955 Mapaï Moshé Sharett
19%
Aucun quiz correspondant
Distribution des résultats
% des personnes avec chaque résultat
Percentile par nombre de réponses
Votre historique - résultats
Vous n’avez pas pris ce quiz depuis la dernière actualisation